| 000 | 00727nam a22002057a 4500 | ||
|---|---|---|---|
| 999 |
_c19869 _d19869 |
||
| 003 | AR-CdUCM | ||
| 008 | 190415b ||||| |||| 00| 0 spa d | ||
| 040 |
_aMUNICIPALIDAD PROVINCIAL DEL CUSCO _cBIBLIOTECA MUNICIPAL DEL CUSCO |
||
| 082 |
_a346.985 / _bP19 |
||
| 100 |
_aPalacio P., H. Gustavo _931898 |
||
| 245 | _aElementos de derecho civil peruano / | ||
| 260 |
_aCusco : _bH.G. Rozas, _c1963. |
||
| 300 |
_a651 páginas ; _c24.5 cm. |
||
| 505 | _aContenido: Derecho de las personas -- De los actos jurídicos -- De los derechos reales -- De la obligaciones -- Derecho de la familia ... | ||
| 650 |
_aDerecho civil _97386 |
||
| 650 |
_aLegislación _92962 |
||
| 650 |
_aPerú _935 |
||
| 942 |
_2ddc _cLIBROS |
||
| 945 | _arcc | ||